| 000 | 00862cab a2200289 4500 | ||
|---|---|---|---|
| 001 | ABS60295 | ||
| 008 | 090401t1999 xxu||||| |||| 00| 0 eng d | ||
| 035 | _a(Sirsi) u92533 | ||
| 041 | _aeng | ||
| 245 | _aRegional survey: Staffordshire and Shropshire | ||
| 260 | _c1999 | ||
| 350 | _a0 | ||
| 490 |
_aProperty Week _v64(13) 1 April 1999, 39-50(6) |
||
| 650 | _aINDUSTRIAL MARKET | ||
| 650 | _aNEWCASTLE UNDER LYME | ||
| 650 | _aPROPERTY-COMMERCIAL PROPERTY-OFFICE PROPERTY-OFFICE PROPERTY MARKET | ||
| 650 | _aPROPERTY-COMMERCIAL PROPERTY-RETAIL PROPERTY-RETAIL PROPERTY MARKET | ||
| 650 | _aSHREWSBURY | ||
| 650 | _aSHROPSHIRE | ||
| 650 | _aSTAFFORD | ||
| 650 | _aSTAFFORDSHIRE | ||
| 650 | _aSTOKE-ON-TRENT | ||
| 650 | _aTELFORD | ||
| 690 | _aPROPERTY-COMMERCIAL PROPERTY-COMMERCIAL PROPERTY MARKET | ||
| 942 | _n0 | ||
| 948 | _c01/04/1999 | ||
| 999 |
_c58656 _d58656 |
||